MDQL
is popping MORE tags! Check the
thread
!
Quizzes
Events
Quiz Creation
Community
Videos
Private Events
Remove Ads
Sign In
Join for FREE
Feedback
Dark Mode
Quiz Categories
Sports
Geography
Music
Movies
Television
Just For Fun
Miscellaneous
History
Literature
Language
Science
Gaming
Entertainment
Religion
Holiday
For Kids
Quiz Lab
Recent
Popular Today
Quiz Kudos Today
Editor Picks
Curator Picks
Quizzes by...
Day
Popularity
Type
Ratings
Length
Year
Community
Subscriptions
Recent Discussions
Orange Saloon
Badges
Playlists
Quests
Create
Leaderboards
Showdown
Live 5
Trivia Bingo
Activity
Puzzle Library
Sporcle Events
Private Events
Virtual Trivia
Globe League
Become a Host
Pub Owners
SporcleCon
Opinionation
Our Games
Videos
Blog
Mobile Apps
Partnerships
Remove Ads and Go Orange
Feedback
Music
Pop Music
The Beatles
Song
Album
Lyrics
Bands
Singers
Artist
Clip
Rock
Rap
Classical
Billboard
Country Music
Kpop
Taylor Swift
Music
Pop Music
The Beatles
Song
Album
Lyrics
Bands
Singers
Artist
Clip
Rock
Rap
Classical
Billboard
Country Music
Kpop
Taylor Swift
Random Quiz
Search Sporcle
×
Quiz Lab
Quiz Lab
Music
Song
Type in answers that appear in a list
Type in answers that appear in a list
Classic
Best Score? Go Orange.
Barry Manilow Top 40 Hits Stats
Can you name the Barry Manilow hits that rached Billboard's top 40?
By
esupxh
10m
25 Questions
698 Plays
698 Plays
698 Plays
Comments
Comments
Give Quiz Kudos
Give Quiz Kudos
-
- Ratings
hide this ad
More Info
Replay
Link that replays current quiz
Next Quiz
Link to next quiz in quiz playlist
You Got
0%
They Got
Avg Score
51%
Avg Friend Score
Upgrade to see
Score Distribution
Jump to the score distribution portion of the page
Score
0/25
Timer
10:00
0
Plays Today
year released
song title
% Correct
1974
Mandy
97.8%
1978
Copacabana(At The Copa)
92.1%
1975
I Write The Songs
85.3%
1976
Weekend In New England
77.9%
1975
Could it Be Magic
68.8%
1978
Can't Smile Without You
68.2%
1978
Even Now
66.2%
1977
Looks Like We Made It
63.1%
1979
Ships
57.8%
1975
It's A Miracle
54.6%
1977
Daybreak
53%
1980
I Made It Through The Rain
51.1%
1978
Ready To Take A Chance Again
50%
year released
song title
% Correct
1979
Somewhere In The Night
47.8%
1976
This One's For You
46.6%
1976
Tryin' to Get The Feeling Again
43.4%
1982
Somewhere Down The Road
42.8%
1981
The Old Songs
42.1%
1983
Read 'Em And Weep
36.5%
1982
Let's Hang On
29.3%
1983
Memory
27.4%
1983
Some Kind Of Friend
26.3%
1980
I Don't Want to Walk Without You
18%
1980
When I Wanted You
17.7%
1982
Oh Julie
14.7%
Quiz Playlist
Details
Report
Send in Message
Add To Playlist
More Info:
Compiled from "The Billboard Book of Top 40 Hits", 7th edition, published in 2000
Classic:
Type in answers that appear in a list
Last Updated: Feb 16, 2017
Quiz Scoreboard
CHALLENGE
Sign Up to Join the Scoreboard
Show All
Scores
Hide
Comments
May contain spoilers
Recently Published
Two Season TV Shows II
by 123Four
Television
10m
Image Sorting: Flags VI
by Barbecue
Geography
2m
Find the 'City' Movie
by crazypaving
Movies
60s
More to Explore
Quiz From the Vault
Featured Blog Post
14 Easter Pick-up Lines to Find Eggs With
hide this ad
You Might Also Like...
Tags
Billboard Quiz
Football Quiz
Song Quiz
Barry
Barry Manilow
hit
Manilow
peak
Released
Today's Top Quizzes in Music
Browse Music
hide this ad
Today's Top Quizzes in Song
Browse Song
Top Contributed Quizzes in Music
1
5X2 Blitz: Bands II
2
5X2 Blitz: The Beatles
3
Taylor Swift All Songs (2024)
4
5X2 Blitz: Billboard
5
5X2 Blitz: Billboard II
6
5X2 Blitz: Album
7
5X2 Blitz: Singers
8
5X2 Blitz: Rock
9
Music Artist by Three 2010s hits
10
5X2 Blitz: Lyrics
Explore More
Trending Topics
Marvel
Crossword
NBA
Disney
Anime
Harry Potter
Kpop
The Office
WWE
Song
Country
Puzzle
Pokémon
Soccer
NFL
hide this ad
More By:
esupxh
Quiz
Plays
Rating
Category
Featured
Created
Bee Gees Top 40 Hits
1,156
3.43
Music
Nov 30, 2010
Barry Manilow Top 40 Hits
698
5.00
Music
Dec 1, 2010
Foreigner Top 40 Hits
393
4.80
Music
Nov 30, 2010
Drum Corps International Top 12 1991-2000
336
Music
Aug 28, 2010
Cubs Opening day line-ups 1970-1979
328
4.00
Sports
Aug 11, 2010
Go to Creator's Profile
Score Distribution
Quiz Creator Spotlight
esupxh
Follow
Send a Message
Quizzes Created
-
Created Quiz Play Count
-
More By This Creator
Popular Quizzes Today
1
Find the US States - No Outlines Minefield
2
Colored Red Africa Blitz
3
Find the 'City' Movie
4
5x2 Blitz: Bands
5
The Countries of the World
6
Find the Countries of Europe - No Outlines Minefield
7
Find the US States
8
US States
More Music Quizzes
How to Disappear - Lana Del Rey lyrics
Quiz Lab
Trending Quizzes
Colored Red Europe Blitz I
Colored Red Africa Blitz II
Colored Red Europe Blitz II
Colored Red Africa Blitz III
Colored Red Europe Blitz III
Recently Updated
How Do You Spell That?
pecheneg
Godzilla Movies
pecheneg
Grab Bag: 4-10 Letters
pecheneg
2024 March Madness Bracket
pecheneg
Famous TV Couples
Peacemaker
Champions League XIs: Real Madrid
pecheneg
Largest US Cities 1790-2010
pecheneg
Rides in Walt Disney World
pecheneg
Most Oscar Losses (Acting)
pecheneg
Beyoncé Albums
pecheneg
Trending Topics
Kpop
Disney
Marvel
NBA
Anime
Crossword
Harry Potter
The Office
Song
WWE
Pokémon
Puzzle
Country
NFL
Soccer
Your Account Isn't Verified!
In order to create a playlist on Sporcle, you need to verify the email address you used during registration. Go to your
Sporcle Settings
to finish the process.
Report this User
Report this user for behavior that violates our
Community Guidelines
.
Details:
Send Report
Go to the Sporcle.com Mobile Site →
Comments